00801nam a22002057a 4500999001900000005001700019010001500036020003000051035001400081037001300095082001200108100002000120245009000140260005000230270008100280300005100361700002300412942002600435952013400461 c177237d17723720210215170839.0 aENG-128981 c399.00a978-93-86473-88-2 aEN-112513 bDBAD/PUB a808.883 aGurcharan Singh aPitching it Straight: Memoir of a Cricket Guru/cGurcharan Singh and M S Unnikrishnan aNew DelhibVitasta Publishing Pvt. Ltd.c2020 bNew Delhia2/15, Ansari Roaad, Daryaganje110002minfo@vitastapublishing.com axxi+185p.c22cm(hbk)bIncluding Illustrations. aUnnikrishnan, M S  2ddccENh808.883mGUR 001040708NFICaAVbAVd2021-02-15eDBAD/PUBg399.00l0o808.883 GURpEN-112513r2021-02-15 00:00:00t1v399.00w2021-02-15yEN